000
00235nam a2200109Ia 4500
100
_a
Kumbhojkar G.V
942
_c
BK
245
_a
Applied Mathematics I 2016-2017
260
_b
C.Jamnadas & Co.
_c
2016
546
_a
ENGLISH
999
_c
31990
_d
31990